Albania’s fiscal governance: a good example in EU perspective

Dynamika rozpočtovej bilancie a verejného dlhu v Albánsku pre obdobie 2005-2014. Dynamika oboch veličín je predpovedaná a nastavená až do roku 2020. Dané albánske hodnoty týchto premenných sú taktiež popísané v porovnaní s priemernými hodnotami pre EÚ-28. Pozornosť je venovaná prepojeniu medzi rozpo...

Descrizione completa

Salvato in:
Dettagli Bibliografici
Autore principale: Durmishi, Ardian
Altri autori: Patonov, Nikolay
Natura: Capitolo di libro
Lingua:inglese
Soggetti:
Tags: Aggiungi Tag
Nessun Tag, puoi essere il primo ad aggiungerne!!

MARC

LEADER 00000naa a2200000 4500
001 0219509
005 20221019173817.5
041 0 |a eng 
044 |a SK 
245 1 0 |a Albania’s fiscal governance: a good example in EU perspective  |c Ardian Durmishi, Nikolay Patonov 
520 |a Dynamika rozpočtovej bilancie a verejného dlhu v Albánsku pre obdobie 2005-2014. Dynamika oboch veličín je predpovedaná a nastavená až do roku 2020. Dané albánske hodnoty týchto premenných sú taktiež popísané v porovnaní s priemernými hodnotami pre EÚ-28. Pozornosť je venovaná prepojeniu medzi rozpočtovými deficitmi a deficitmi bežného účtu. Pomery rozpočtového deficitu a verejného dlhu sú v rámci zdravého intervalo sledovaného obdobia. Štatistické prognózy naznačujú udržanie postupného nárastu oboch veličín, ale v rámci zdravých a udržateľných hraníc. Toto je dobré svedectvo o verejných financiách Albánska v tomto ranom štádiu na ceste členstva v EÚ. 
610 2 0 |a Albánsko 
610 2 0 |a politika fiškálna 
610 2 0 |a Európska únia 
610 2 0 |a produkt domáci hrubý 
610 2 0 |a prognózy hospodárske 
100 1 |a Durmishi, Ardian 
700 1 |a Patonov, Nikolay